000 00965nam a22002537a 4500
999 _c5596
_d5596
003 OSt
005 20251009090033.0
008 251009b ||||| |||| 00| 0 eng d
020 _a9781409591528
040 _cKH8
082 _aFIC DAY
100 _aDaynes, Katie,
_eauthor.
245 _aThe Little Mermaid /
_cretold by Katie Daynes ; illiustrated by Alan Marks.
260 _aEngland ;
_bUsborne Publishing Ltd ,
_c2005.
300 _a48 pages :
_bcolor illustrations ;
_c20 cm.
490 _aUsborne Young Reading
_vSeries one
520 _aThe little mermaid longs to see the world above the waves. "Will the wind stroke my hair?" she wonders. "Will the sun kiss my cheeks?" On her fifteenth birthday sge finally finds out... and her life changes forever.
650 _aEasy reading
_vfiction
650 _aStory telling
_vfiction
650 _alove story
700 _aMarks, Alan,
_eillustrator.
830 _aUsborne Young Reading
942 _2ddc
_cFIC